01647nam a22003257a 4500001000500000005001700005020001800022040002300040050002400063082001400087100003200101245006600133260004000199300004000239490003700279505000600316520059500322521001800917521001800935650002000953650002200973650002900995650002201024650002201046700003301068906004501101942001501146999001501161952014501176167220230914104833.0 a9781848668614 aDLCcDLCerdabeng00aPZ7.1.P77bWil 201700a[FIc]2231 aPritchett, Georgiaeauthor.10aWilf the mighty worrier saves the world /cGeorgia Pritchett  aLondon :bQuercus Publishing,c2015 a183 pages :billustrations ;c21 cm0 aWilf the mighty worrier vBook 1 aM aThings Wilf was worried about before: 1) Stuffed animals. 2) Peanut Butter. 3) Creepy crawlies that have waggly feeler things instead of eyes. Things Wilf is worried about now: 4) The most evil man in the world. 5) The most evil man in the world living next door. 6) Anyone called Alan. When Alan, a self-styled Evil Lunatic, moves in next door with his grumpy robot sidekick and his silent right-hand-dog, Kevin Phillips, Wilf knows he will have to find a way to overcome his fears. And soon he realises: only he can stop Alan's ridiculous yet still Quite Evil plan to destroy the world... a710 bLexile aM bRaz-Plus 1aWorryvFiction. 1aCouragevFiction. 1aJungle animalsvFiction. 1aJunglesvFiction. 1aHumorous stories.1 aLittler, Jamieeillustrator. a7bcbccorigresd2encipf20gy-gencatlg 2ddccBKn0 c1672d1672 00102ddc40708JUVFa001b001cTK Oranged2023-09-14l3oPRI 823.92 PZ7.1.P77pFISTK05211r2025-12-09 11:36:30s2025-08-29w2023-09-14yBK